000 01460nam a2200301Ia 4500
999 _c4990
_d4990
003 OSt
005 20200420125644.0
008 191128s1999 ck gr 000 0dspa d
020 _a9589676006
040 _aCO-JMCR
_cCO-JMCR
041 0 _aspa
082 0 4 _a303.485 /
_bE57
100 1 _aSolimano, Andrés,
_dautor
_93242
245 1 0 _aEnsayos sobre paz y desarrollo :
_bel caso de Colombia y la experiencia internacional /
_cAndres Solimano, Felipe Sáez, Caroline Moser, Cecilia López
250 _aPrimera edición
260 _aBogotá :
_bTercer Mundo,
_c1999
300 _axxiii, 223 páginas ;
_c23 cm
500 _aBibliografía: páginas 221-223.
500 _aIncluye biografía al final de cada capítulo.
505 _aLa violencia en Colombia: cómo construir una paz sostenible y fortalecer el capital social / Caroline Moser -- Los costos ocultos de la paz / Cecilia López Montaño, Arturo García Durán
520 _aAlcanzar la paz e impulsar el proceso de desarrollo económico y social son los principales desafíos que enfrenta Colombia en la actualidad. Los análisis que se realizan en el presente volumen, indican que la violencia y el conflicto armado colombiano obed
650 1 4 _aViolencia en Colombia
_93243
650 2 4 _a Paz Desarrollo sostenible
_93244
700 1 _aSáez, Felipe,
_eautor
_93245
700 1 _aMoser, Caroline,
_eautor
_92944
700 1 _aLopéz, Cecilia,
_eautor
_93246
942 _2ddc
_cBK